000 00429nam a2200181Ia 4500
001 13239
005 20260306163039.0
008 260306t2015||||xx |||||||||||||| ||spa||
041 _aESP
082 _a001.42
_bF58
100 _aFlick, Uwe
_eAUT
245 0 _aEl diseño de investigación cualitativa
260 _c2015
300 _a167 páginas :
_c24 cm.
650 _aGEN
654 _aCCC
942 _cLIB
_dJUS
_fJUS
_2ddc
_n
999 _c13239
_d13239